[Event "SVK-chT4 A21 2122"]
[Site "Slovakia"]
[Date "2022.03.27"]
[Round "11.2"]
[White "Curidlo, Jan1111"]
[Black "Kurinec, Jozef"]
[Result "0-1"]
[WhiteElo "1749"]
[BlackElo "1857"]
[PlyCount "172"]
[EventDate "2021.10.17"]
[EventType "team-tourn"]
[EventRounds "11"]
[EventCountry "SVK"]
[SourceTitle "EXT 2024"]
[Source "ChessBase"]
[SourceDate "2023.10.10"]
[SourceVersion "1"]
[SourceVersionDate "2023.10.10"]
[SourceQuality "1"]
[WhiteTeam "Piestany Kupele III"]
[BlackTeam "Smolenice"]
[WhiteTeamCountry "SVK"]
[BlackTeamCountry "SVK"]

1. Nf3 d6 2. d4 e6 3. Bf4 Nf6 4. h3 Be7 5. e3 Nbd7 6. Nbd2 c5 7. c3 0-0 8. Be2 a6 9. a3 b5 10. b3 Nd5 11. Qc2 Nxf4 12. exf4 Bb7 13. 0-0 Qc7 14. Qb2 cxd4 15. cxd4 Qb6 16. Rac1 Rac8 17. Rfd1 Bf6 18. Nf1 g6 19. N1h2 Qa7 20. Qd2 Bd5 21. Qd3 Bg7 22. Ng4 Qb7 23. Ne3 Be4 24. Qd2 Nb6 25. Ne1 Bh6 26. Ng4 Bg7 27. Bf3 h5 28. Ne3 Bh6 29. Bxe4 Qxe4 30. g3 Bg7 31. Qd3 Qxd3 32. Nxd3 Bxd4 33. Nb4 Bxe3 34. fxe3 a5 35. Nc6 Rc7 36. Nxa5 Rxc1 37. Rxc1 Ra8 38. b4 d5 39. Rc5 Nc4 40. Rxb5 Nxa3 41. Rc5 Rb8 42. Nc6 Rb7 43. Kf2 Nc4 44. Ke2 Nd6 45. Ra5 Rb6 46. Rc5 Ne4 47. Rc1 Nxg3+ 48. Kd3 Ne4 49. h4 Kg7 50. Kd4 Kf6 51. Rc2 Rb5 52. Rb2 Nd6 53. Ne5 Nf5+ 54. Kd3 Nxh4 55. Kd4 Nf5+ 56. Kd3 Nd6 57. Nd7+ Ke7 58. Ne5 Nf5 59. Rc2 Rb7 60. Rc5 Nd6 61. Nc6+ Kf6 62. Rc1 Kf5 63. Kd4 Ne4 64. Rc2 f6 65. Rb2 g5 66. fxg5 fxg5 67. b5 h4 68. b6 Nd6 69. Nd8 Re7 70. b7 Nxb7 71. Nxb7 g4 72. Nd6+ Kg6 73. Rf2 h3 74. Rh2 Kg5 75. Ke5 Kh4 76. Rf2 Kg3 77. Rf8 Rh7 78. Kxe6 h2 79. Rf1 Kg2 80. Rd1 h1Q 81. Rxh1 Kxh1 82. Nf5 Kg2 83. Kxd5 Kf3 84. e4 Kf4 85. Nd6 g3 86. Nb5 Rh5+ 0-1